Catálogo
 En Linea

Dos fechas : (Registro nro. 5530)

Detalles MARC
000 -CABECERA
campo de control de longitud fija 00706cam a2200193 a 4500
001 - NÚMERO DE CONTROL
campo de control 000005734
005 - FECHA Y HORA DE LA ÚLTIMA TRANSACCIÓN
campo de control 20200929151750.0
008 - DATOS DE LONGITUD FIJA--INFORMACIÓN GENERAL
campo de control de longitud fija 821214s1973 mx a 001 0 spa
040 ## - FUENTE DE LA CATALOGACIÓN
Centro catalogador/agencia de origen DO-SdBNP
Centro/agencia transcriptor CarP
Centro/agencia modificador DLC
050 00 - SIGNATURA TOPOGRÁFICA DE LA BIBLIOTECA DEL CONGRESO
Número de clasificación J163
Número de documento/Ítem .N33
082 ## - NÚMERO DE LA CLASIFICACIÓN DECIMAL DEWEY
Número de clasificación nn
Número de documento/Ítem B333d
100 1# - ENTRADA PRINCIPAL--NOMBRE DE PERSONA
Nombre de persona Batista, Fulgencio,
Títulos y otros términos asociados al nombre Presidente de Cuba, (1952-1959),
Forma completa/desarrollada del nombre (Fulgencio Batista y Zaldivar),
Fechas asociadas al nombre 1901-1973.
9 (RLIN) 16223
245 10 - MENCIÓN DE TÍTULO
Título Dos fechas :
Resto del título aniversarios y testimonios /
Mención de responsabilidad, etc. Fulgencia Batista.
246 10 - FORMA VARIANTE DE TÍTULO
Título propio/Titulo breve Dos fechas :
Resto del título aniversarios y testimonios, (1933-1944).
260 ## - PUBLICACIÓN, DISTRIBUCIÓN, ETC.
Lugar de publicación, distribución, etc. México, :
Nombre del editor, distribuidor, etc. Botas,
Fecha de publicación, distribución, etc. 1973.
300 ## - DESCRIPCIÓN FÍSICA
Extensión v. :
Otras características físicas il. ;
Dimensiones 23 cm.
651 #0 - PUNTO DE ACCESO ADICIONAL DE MATERIA--NOMBRE GEOGRÁFICO
Nombre geográfico Cuba
Subdivisión general Politics And Government
Subdivisión cronológica 1933-1959.
9 (RLIN) 16224
910 ## - DATOS DE OPCIÓN DEL USUARIO (OCLC)
Datos de opción del usuario Catalogación por copia / LC
Existencias
Estado de retiro Estado de pérdida Restricciones de uso No para préstamo Código de colección Localización permanente Ubicación/localización actual Ubicación en estantería Fecha de adquisición Número de inventario Total de préstamos Signatura topográfica completa Código de barras Fecha visto por última vez Precio válido a partir de Tipo de ítem Koha
    Préstamo interno   Monografías: Libros y Folletos General General En catalogación 21.08.2009 LF1   v.1 5734-10 25.06.2020 25.06.2020 Préstamo interno
    Préstamo interno   Monografías: Libros y Folletos General General En catalogación 21.08.2009 LF1   v.2 5734-20 25.06.2020 25.06.2020 Préstamo interno

Con tecnología Koha